Studies in Skanda Purāṇa, (Record no. 83377)

MARC details
000 -LEADER
fixed length control field 01016cam a22003011 4500
001 - CONTROL NUMBER
control field sa 68010350
003 - CONTROL NUMBER IDENTIFIER
control field DLC
005 - DATE AND TIME OF LATEST TRANSACTION
control field 20260227112551.0
008 - FIXED-LENGTH DATA ELEMENTS--GENERAL INFORMATION
fixed length control field 790307m19659999ii b 000 0 eng
010 ## - LIBRARY OF CONGRESS CONTROL NUMBER
LC control number sa 68010350
035 ## - SYSTEM CONTROL NUMBER
System control number (OCoLC)4721993
040 ## - CATALOGING SOURCE
Original cataloging agency DLC
Transcribing agency TxU
Modifying agency RPB
-- OCoLC
-- DLC
041 0# - LANGUAGE CODE
Language code of text/sound track or separate title engsan
042 ## - AUTHENTICATION CODE
Authentication code premarc
050 00 - LIBRARY OF CONGRESS CALL NUMBER
Classification number DS451
Item number .A93
100 1# - MAIN ENTRY--PERSONAL NAME
Personal name Awasthi, A. B. L.
245 10 - TITLE STATEMENT
Title Studies in Skanda Purāṇa,
Statement of responsibility, etc. by A. B. L. Awasthi.
250 ## - EDITION STATEMENT
Edition statement [1st ed.]
260 ## - PUBLICATION, DISTRIBUTION, ETC.
Place of publication, distribution, etc. Lucknow,
Name of publisher, distributor, etc. Kailash Prakashan,
Date of publication, distribution, etc. 1965-
300 ## - PHYSICAL DESCRIPTION
Extent v.
Dimensions 25 cm.
500 ## - GENERAL NOTE
General note Includes passages in Sanskrit.
500 ## - GENERAL NOTE
General note "Thesis accepted for the Ph. D. degree of the Lucknow University."
504 ## - BIBLIOGRAPHY, ETC. NOTE
Bibliography, etc. note Bibliography: v. 1, p. [315]-320.
505 1# - FORMATTED CONTENTS NOTE
Formatted contents note Pt.2. Education, economic life, religion & philosophy.--pt.3. v. 1 Pilgrimage- Kedāra to Narmadā.
651 #0 - SUBJECT ADDED ENTRY--GEOGRAPHIC NAME
Geographic name India
General subdivision History
Chronological subdivision 324 B.C.-1000 A.D.
General subdivision Sources.
630 00 - SUBJECT ADDED ENTRY--UNIFORM TITLE
Uniform title Puranas
General subdivision Criticism, interpretation, etc.
730 0# - ADDED ENTRY--UNIFORM TITLE
Uniform title Puranas.
Name of part/section of a work Skandapurāna.

No items available.

Powered by Koha